Answers That Start With A - Statistics

General Stats
  • This quiz has been taken 350 times
  • The average score is 14 of 20
Answer Stats
Hint Answer % Correct
Fruit that is grown on trees that can be red, green, etc. Apple
98%
Someone who travels into space Astronaut
96%
Main ingredient in guacamole Avocado
96%
Ocean between North America and Europe Atlantic
90%
Common Christmas tree topper Angel
85%
Second longest river in the world Amazon
80%
First state, alphabetically Alabama
78%
Continent that has the shortest name Asia
78%
Wireless Apple earbuds Airpods
77%
Three of these make up a triangle Angle
76%
United States of... America
73%
Small bug that, in cartoons, carry food away from pocnicst Ant
72%
First name of the 16th president Abraham
63%
Small fish that is found on pizza Anchovy
59%
High school math class that is usually taken Freshman year Algebra
57%
"Three Stripes" brand Adidas
56%
First country, alphabetically Afghanistan
45%
"Tell it to my heart, my ____ ______ _____." Achy Breaky Heart
32%
Capital of Maryland Annapolis
28%
Color that is also a fruit Apricot
22%
No matching quizzes found
Score Distribution
Percent of People with Each Score
Percentile by Number Answered
Your Score History
You have not taken this quiz